000 00641nam a2200217 i 4500
001 57266
003 ES-MaACL
005 20250831133308.0
007 t|
008 031015s1973 sp ||||1|bspa d
020 _a84-7222-240-3
080 _a929 Mounier, Emmanuel
100 1 _aDomenach, J.-M.
_9149881
245 1 0 _aMounier según Mounier /
_cJean-Marie Domenach ; [traducción de Enrique Molina].
260 _aBarcelona :
_bLaia,
_c1973.
300 _a208 p. ;
_c19 cm.
600 1 4 _aMounier, Emmanuel,
_d1905-1950
_983875
700 1 _aMolina Campos, Enrique.
_981917
852 _aES-MaACL
_jC-54972
999 _c57266
_d57266